[Event "Reykjavik op"]
[Site "Reykjavik"]
[Date "2024.03.17"]
[Round "4"]
[White "Vega, Isaac"]
[Black "Eustratiadis, Panagiotis"]
[Result "1-0"]
[WhiteElo "1818"]
[BlackElo "1653"]
[PlyCount "87"]
[EventDate "2024.03.15"]
[EventType "swiss"]
[EventRounds "9"]
[EventCountry "ISL"]
[SourceTitle "CB13_2024"]
[SourceDate "2024.03.27"]
[SourceVersion "1"]
[SourceVersionDate "2024.03.27"]
[SourceQuality "1"]

1. e4 e6 2. d4 d5 3. Nd2 Nf6 4. e5 Nfd7 5. Bd3 c5 6. c3 Nc6 7. Ne2 a5 8. a4 cxd4 9. cxd4 f6 10. exf6 Nxf6 11. 0-0 Bd6 12. Nf3 0-0 13. Bf4 Nb4 14. Bxd6 Qxd6 15. Bb1 b6 16. Ng3 Bd7 17. Re1 Rac8 18. Ra3 h6 19. Ne5 Rc7 20. Nh5 Be8 21. Nxf6+ Rxf6 22. Rg3 Qf8 23. Ng4 Nc6 24. Qc2 g5 25. Nxf6+ Qxf6 26. Rf3 Qe7 27. Rc3 Qf6 28. Qd2 Re7 29. Rd1 Rf7 30. Rf3 Qg7 31. Rxf7 Kxf7 32. Qc3 Ke7 33. Qd3 Qf6 34. Qa6 Nxd4 35. Qxb6 Nc6 36. Bd3 Nb4 37. Qc5+ Kf7 38. Qc7+ Kf8 39. Bb5 Bxb5 40. axb5 Qxb2 41. b6 Qe2 42. Rc1 Na6 43. Qh7 Nc5 44. b7 1-0

[Event "PNWCC Super G60 Apr Gp2"]
[Site "Chess.com INT"]
[Date "2021.04.24"]
[Round "1"]
[White "Minero Pineda, Sergio"]
[Black "Vega, Isaac"]
[Result "1-0"]
[WhiteElo "2365"]
[BlackElo "1735"]
[PlyCount "57"]
[EventDate "2021.04.24"]
[EventType "swiss"]
[EventRounds "6"]
[EventCountry "USA"]
[SourceTitle "CBM 202 Extra"]
[Source "ChessBase"]
[SourceDate "2021.07.31"]
[SourceVersion "1"]
[SourceVersionDate "2021.07.31"]
[SourceQuality "1"]

1. d4 Nf6 2. c4 e6 3. Nf3 d5 4. g3 Bb4+ 5. Bd2 Be7 6. Bg2 0-0 7. 0-0 Nbd7 8. Qc2 Ne4 9. Nc3 Nxd2 10. Nxd2 c6 11. e4 dxe4 12. Ndxe4 f5 13. Nd2 e5 14. d5 e4 15. Rad1 a5 16. Nb3 Qe8 17. f3 e3 18. f4 Nf6 19. Rfe1 Bd8 20. c5 Qh5 21. Qe2 Ng4 22. h3 Nf6 23. Qxh5 Nxh5 24. dxc6 bxc6 25. Bxc6 Rb8 26. Rxe3 g5 27. Be8 gxf4 28. gxf4 Nxf4 29. Rxd8 1-0

[Event "PNWCC Online Blitz JP 23"]
[Site "Chess.com INT"]
[Date "2021.04.11"]
[Round "2"]
[White "Sarkar, Justin"]
[Black "Vega, Isaac"]
[Result "1-0"]
[WhiteElo "2365"]
[BlackElo "1735"]
[PlyCount "65"]
[EventDate "2021.04.11"]
[EventType "swiss (blitz)"]
[EventRounds "12"]
[EventCountry "USA"]
[SourceTitle "CBM 201 Extra"]
[Source "ChessBase"]
[SourceDate "2021.05.31"]
[SourceVersion "1"]
[SourceVersionDate "2021.05.31"]
[SourceQuality "1"]

1. d4 Nf6 2. c4 e6 3. Nc3 Bb4 4. Nf3 d5 5. Bg5 h6 6. Qa4+ Nc6 7. Bxf6 Qxf6 8. e3 0-0 9. Be2 Bxc3+ 10. bxc3 Bd7 11. cxd5 exd5 12. Qb3 Qg6 13. 0-0 Bh3 14. Ne1 Rfd8 15. Qxb7 Rab8 16. Qxc7 Rd7 17. Qg3 Bf5 18. Qxg6 Bxg6 19. Bd3 Rb2 20. Bxg6 fxg6 21. Nd3 Rc2 22. Rfc1 Rxc1+ 23. Rxc1 Rb7 24. Nb4 Na5 25. Nxd5 Nc4 26. e4 a5 27. a4 Rb2 28. e5 Kf7 29. Re1 Ra2 30. e6+ Ke8 31. Nc7+ Ke7 32. Nd5+ Ke8 33. e7 1-0

[Event "PNWCC Online Blitz JP 23"]
[Site "Chess.com INT"]
[Date "2021.04.11"]
[Round "6"]
[White "Vega, Isaac"]
[Black "Leiva Rodriguez, Jeammarco Giuseppe"]
[Result "0-1"]
[WhiteElo "1735"]
[BlackElo "2391"]
[PlyCount "56"]
[EventDate "2021.04.11"]
[EventType "swiss (blitz)"]
[EventRounds "12"]
[EventCountry "USA"]
[SourceTitle "CBM 201 Extra"]
[Source "ChessBase"]
[SourceDate "2021.05.31"]
[SourceVersion "1"]
[SourceVersionDate "2021.05.31"]
[SourceQuality "1"]

1. e4 c6 2. d4 d5 3. e5 Bf5 4. Nf3 e6 5. Be2 Ne7 6. 0-0 Ng6 7. Ne1 h5 8. Bd3 Nh4 9. f4 c5 10. c3 Qb6 11. Qa4+ Nc6 12. dxc5 Bxc5+ 13. Kh1 a6 14. Bxf5 Nxf5 15. Nd3 h4 16. Nxc5 Ng3+ 17. Kg1 Qxc5+ 18. Rf2 Ne2+ 19. Kf1 Nxc1 20. Qd1 Qe3 21. Na3 h3 22. g3 Qd3+ 23. Ke1 Qe4+ 24. Kd2 Nd3 25. Re2 Nxb2 26. Qb3 Nc4+ 27. Nxc4 Qxc4 28. Qxc4 dxc4 0-1

[Event "PNWCC Online Blitz JP 22"]
[Site "Chess.com INT"]
[Date "2021.03.21"]
[Round "10"]
[White "Vega, Isaac"]
[Black "Bian, Erin"]
[Result "0-1"]
[WhiteElo "1735"]
[BlackElo "1485"]
[PlyCount "86"]
[EventDate "2021.03.21"]
[EventType "swiss (blitz)"]
[EventRounds "12"]
[EventCountry "USA"]
[SourceTitle "CBM 201 Extra"]
[Source "ChessBase"]
[SourceDate "2021.05.31"]
[SourceVersion "1"]
[SourceVersionDate "2021.05.31"]
[SourceQuality "1"]

1. e4 e5 2. Nf3 Nc6 3. Bb5 a6 4. Ba4 Nf6 5. 0-0 b5 6. Bb3 Bc5 7. c3 d6 8. d4 Bb6 9. a4 Rb8 10. axb5 axb5 11. Na3 b4 12. Nc4 Qe7 13. Nxb6 Rxb6 14. d5 Nb8 15. Be3 Ra6 16. Ba4+ Bd7 17. Bxd7+ Qxd7 18. Rxa6 Nxa6 19. cxb4 Nxb4 20. Qb3 Na6 21. Ra1 0-0 22. Rxa6 Nxe4 23. Qc2 f5 24. Ra7 Rc8 25. Bd2 Nxd2 26. Nxd2 Qb5 27. Qxf5 Rf8 28. Qe6+ Kh8 29. Qe7 Rg8 30. h4 Qxd5 31. Nf3 Qd1+ 32. Kh2 Qc1 33. Rxc7 Qxb2 34. Ng5 h6 35. Nf7+ Kh7 36. Nxd6 Qxf2 37. Qf7 Qxh4+ 38. Kg1 Qd4+ 39. Kh2 Qxd6 40. Rd7 Qg6 41. Qe7 Qh5+ 42. Kg1 Qf5 43. Ra7 e4 0-1

[Event "PNWCC Online Blitz JP 22"]
[Site "Chess.com INT"]
[Date "2021.03.21"]
[Round "11"]
[White "Vega, Isaac"]
[Black "Marchesich, Giovanni"]
[Result "0-1"]
[WhiteElo "1735"]
[BlackElo "2128"]
[PlyCount "70"]
[EventDate "2021.03.21"]
[EventType "swiss (blitz)"]
[EventRounds "12"]
[EventCountry "USA"]
[SourceTitle "CBM 201 Extra"]
[Source "ChessBase"]
[SourceDate "2021.05.31"]
[SourceVersion "1"]
[SourceVersionDate "2021.05.31"]
[SourceQuality "1"]

1. e4 c6 2. d4 d5 3. e5 Bf5 4. Nf3 e6 5. Be2 c5 6. Be3 Qb6 7. Nc3 Qxb2 8. Nb5 Na6 9. dxc5 Bxc2 10. Qc1 Qxc1+ 11. Rxc1 Ba4 12. Nd6+ Bxd6 13. cxd6 Nh6 14. Bxa6 bxa6 15. Rc7 0-0 16. 0-0 Nf5 17. Bxa7 Rfc8 18. Rfc1 Rd8 19. Bb6 f6 20. Rb7 fxe5 21. Bxd8 Rxd8 22. d7 Bxd7 23. Nxe5 Bb5 24. g4 Nd6 25. Ra7 Nc4 26. Nxc4 Bxc4 27. a3 e5 28. Rb1 d4 29. Rbb7 d3 30. Rxg7+ Kf8 31. Rgd7 Rxd7 32. Rxd7 Ke8 33. Rd6 Ke7 34. Rh6 d2 35. Rxh7+ Bf7 0-1